Najlepsi piłkarze danego kraju na Mundialu 2022 - Statystyki

Ogólne statystyki
  • Ten quiz został rozwiązany 288 razy
    153 od ostatniego zresetowania
  • Średni wynik to 47 z 103
Statystyki odpowiedzi
Kraj Podpowiedź Odpowiedź % Poprawnych
Holandia Obrońca GOAT Virgil van Dijk
90%
Argentyna Najlepszy Zawodnik Turnieju Lionel Messi
82%
Korea Południowa Nie trzeba podpowiedzi Son Heung-min
78%
Anglia Napastnik Harry Kane
75%
Polska Nie trzeba podpowiedzi Robert Lewandowski
75%
Francja Najlepszy strzelec turnieju Kylian Mbappé
72%
Portugalia Złota piłka 2008 Cristiano Ronaldo
69%
Anglia Skrzydłowy Arsenalu Bukayo Saka
65%
Argentyna Najlepszy bramkarz turnieju Emiliano Martínez
65%
Walia Zakończył karierę po turnieju Gareth Bale
65%
Argentyna Napastnik Lautaro Martinez
65%
Senegal Znany bardzo Sadio Mane
65%
Argentyna Gol na 2 - 0 w finale Angel Di Maria
64%
Chorwacja Starszy od swojego kraju (Wicemistrz Świata w poprzednim Mundialu, w tym (2022) 3 miejsce) Luka Modrić
62%
Brazylia Nie trzeba podpowiedzi Neymar Júnior
62%
Polska "Minister obrony narodowej" Wojciech Szczęsny
61%
Holandia Pomocnik Frankie de Jong
58%
Francja Bramkarz Hugo Lloris
58%
Belgia Pomocnik Manchesteru City Kevin de Bruyne
58%
Anglia Piłkarz powiązany z klubem Manchester City Phil Foden
58%
Maroko Panenka i cieszynka pingwina Archaf Hakimi
57%
Dania Atak serca Christian Eriksen
57%
Hiszpania Piłkarz Manchesteru City Rodri
57%
Brazylia Piłkarz Realu Madryt Rodrygo Goes
57%
Niemcy Bayern 8 - 2 Barcelona Thomas Müller
56%
Kostaryka Bramkarz kojarzony z PSG Keylor Navas
55%
Egipt Nie trzeba podpowiedzi Mohamed Salah
55%
Urugwaj Pomocnik Realu Madryt Federico Valverde
54%
Hiszpania JEDEN Z NAJLEPSZYCH NAEURO 2024 Lamine Yamal
54%
Hiszpania Napastnik Alvaro Morata
53%
Argentyna Złoto na Mundialu + Zdobywca Ligi Mistrzów Julián Álvarez
53%
Urugwaj Ręka przeciwko Ghanie Luis Suarez
53%
Brazylia "Drugi Neymar" Vinícius Júnior
53%
Norwegia Powiązany z klubem Manchester City i Borussia Dortmund Erling Haaland
52%
Hiszpania Super wychowanek Barcelony Gavi
52%
Hiszpania Super wychowanek Barcelony Pedri
52%
Kanada Szybki jak błyskawica Alphonso Davies
51%
Brazylia Zmienił Real Madryt na Manchester United Casemiro
51%
Meksyk Bardzo dobry bramkarz Guillermo Ochoa
51%
Portugalia João João Felix
51%
Holandia Napastnik Memphis Depay
51%
Belgia Bramkarz Realu Madryt Thibaut Courtois
51%
Senegal Bramkarz Édouard Mendy
50%
Usa Atakujący Christian Pulisic
48%
Austria Powiązany z klubem Bayern i Real Madryt David Alaba
48%
Serbia Kojarzony z klubem Juventus Dušan Vlahović
48%
Szwecja Zakończył karierę Zlatan Ibrahimović
48%
NASTĘPNE ODBOWIEDZI TO BONUS I BĘDĄ O REPREZENTACJACH, KTÓRYM NIE UDAŁO SIĘ ZAKWALIFIKOWAĆ NA MUNDIAL 2022. Wpisz "BRAK" BRAK
47%
Ekwador Dwa gole w meczu otwarcia Enner Valencia
47%
Niemcy Bardzo dokładne podania Toni Kroos
47%
Anglia Miał dobrą formę w 2023/2024 Jude Bellingham
46%
Urugwaj Obrońca Barcelony Ronald Araújo
46%
NASTĘPNE ODBOWIEDZI TO BONUS I NIE MUSZĄ BYĆ POWIĄZANE Z MUNDIALEM 2022. Poprzednie pytania były o NAJLEPSZYCH zawodnikach MUNDIALU 2022. Następne są ciekawostkami. Wpisz "BONUS" BONUS
45%
Słowenia Bramkarz Jan Oblak
45%
Norwegia Powiązany z klubem Real Madryt i Arsenal Martin Ødegaard
45%
Ukraina Piłkarz Chelsea Mykhaylo Mudryk
45%
Brazylia Zdobywca pięknej bramki Richarlison
45%
Szkocja Piłkarz Liverpoolu Andrew Robertson
44%
Maroko Bramkarz Yassine Bounou
44%
Chorwacja Bramkarz Dominik Livaković
43%
Kanada Napastnik Jonathan David
43%
Algeria Były piłkarz Manchesteru City Riyad Mahrez
43%
Francja Napastnik Antoine Griezmann
42%
Ukraina Piłkarz Girony, król strzelców La Liga Artem Dovbyk
42%
Portugalia João João Cancelo
42%
Brazylia Powiązany z klubem West Ham United Lucas Paquetá
42%
Gabon Zawodnik Powiązany z klubem Borussia Dortmund, Arsenal, Barcelona, Chelsea i Olimpique Marsylia. Pierre-Emerick Aubameyang
42%
Ghana Pomocnik Arsenalu Thomas Partey
41%
Argentyna Najlepszy młody zawodnik turnieju Enzo Fernández
40%
Włochy Bramkarz Gianluigi Donnarumma
39%
Szwecja Powiązany z klubem Newcastle, Real Sociedad i Borussia Dortmund Alexander Isak
38%
Ukraina Bramkarz Andriy Lunin
38%
Bośnia i Hercegowina Nie trzeba podpowiedzi Edin Džeko
38%
Szwajcaria Granit, Dioryt, Andezyt Granit Xhaka
38%
Iran Nie trzeba podpowiedzi Mehdi Taremi
38%
Arabia Saudyjska Bardzo dobrze grał przeciwko Argentynie Salem Al-Dawsari
38%
Brazylia Więzień, który został powołany na Mundial 2022 Dani Alves
37%
Katar Najlepiej oceniony zawodnik Kataru w grze FIFA 23 Akram Afif
35%
Anglia Lubi wymuszać faule Raheem Sterling
35%
Norwegia Drugie miejsce w klasyfikacji strzelców La Liga Alexander Sørloth
34%
Maroko W 2024 gwiazda Realu Brahim Díaz
34%
Ghana Zmiana reprezentacji z Hiszpanii na Ghanę Iñaki Williams
33%
Maroko Najwyższa główka Youssef En-Nesyri
32%
Maroko Obrońca kojarzony z klubem Bayern i Ajax Noussair Mazraoui
31%
Hiszpania Super wychowanek Barcelony, ale nie został powołany na Euro 2024 Pau Cubarsí
31%
Ukraina Piłkarz Girony Viktor Tsygankov
31%
Kamerun VAR - nie ma spalnoego (podcinka) Vincent Aboubakar
30%
Francja Potrafi grać na każdej pozycji Eduardo Camavinga
29%
Wybrzeże Kości Słoniowej Były piłkarz Barcelony Franck Kessié
29%
Holandia Obrońca Matthijs de Ligt
29%
Słowacja Obrońca Milan Škriniar
29%
Nigeria Naprawdę super zawodnik powiązany z klubem Napoli Victor Osimhen
29%
Gruzja Naprawdę super zawodnik powiązany z klubem Napoli Khvicha Kvaratskhelia
28%
Maroko Potrafi walczyć z Mbappé Sofyan Amrabat
28%
Maroko Atakujący Hakim Ziyech
27%
Włochy Karne Jorginho
26%
Hiszpania Super wychowanek Barcelony (powołany na Euro 2024) Fermín López
21%
Argentyna Nie trzeba podpowiedzi Paolo Dybala
18%
Japonia Nie trzeba podpowiedzi Takefusa Kubo
17%
Słowenia Pomocnik Josip Iličić
13%
Tunezja Dziwne nazwisko Issam Jebali
11%
Maroko Wychowanek Barcelony Abde Ezzalzouli
4%
Australia Nie trzeba podpowiedzi Miloš Degenek
2%
Nie znaleziono quizów pasujących do podanych kryteriów
Rozkład punktacji
Procent ludzi z każdym wynikiem
Percentyl według liczby udzielonych odpowiedzi
Twoja historia wyników
Nie rozwiązałeś tego quizu od ostatniego zresetowania